00574nam a2200181Ia 4500001001000000003000500010008004100015010001100056040000900067082002200076100003400098245009000132250000600222260007400228300001100302650002900313710005000342Para_9528CHAP220125s2008 xx 000 0 und d a208202 cCHAP aPA 519.56 C3 2008 aCastillo Marquez, Luis Emilio aIntroducción a la estadística experimental /c por Luis Emilio Castillo Márquez a4 aChapingo, Méx. :b UACh. Departamento de Parasitología Agrícola a293 p. aDiseños experimentales aUACh. Departamento Parasitología Agrícola